000 00773 a2200205 4500
005 20080908152234.0
008 080908t xxu||||| |||| 00| p eng d
010 _aENG-87668
020 _a8187873620
_c100.00
035 _aEN-71201
037 _bDBAD / PUB
082 _a881
100 _aChandramoni Narayanaswamy
245 _aSunflower and other nature poems
_cby Chandramoni Narayanaswamy
260 _aBhubaneswar
_bThe home of letters (India)
_c2006
270 _a27, Industrial colony, Kharavela Nagar, Unit-III
_bBhubaneswar
_e751 001
300 _a37 p.
_c21 cm ( pbk.)
942 _adpl
_cEN
_k881/CHA
_2ddc
_h881
_mCHA
999 _c6771
_d6771